• 首页
  • 本馆介绍
  • 公告通知
  • 最新文献
  • 馆藏检索
  • 电子资源
  • 读者导购
  • 参考咨询
  • 我的图书馆
  • 登录
  • 详细信息显示
  • 放入我的书架
  • 预约/预借图书
  • 作者相关作品
  • 分类相关作品
  • 丛书相关作品
  • 出版社相关作品

书目信息

  • 表格格式
  • 工作单格式
  • 卡片格式
题名:
探索与创新
    
 
作者: 郑建业 著
分册:  
出版信息: 南京   江苏凤凰科学技术出版社  2022
页数: 11,197页
开本: 24cm
丛书名: 苏霍姆林斯基在中国丛书
单 册:
中图分类: G40-095.12
科图分类:
主题词:
电子资源:
ISBN: 978-7-5537-9745-8
000 01437nam 2200265 450
001 012024000333
005 20240924225236.0
010    @a978-7-5537-9745-8@dCNY42.00
100    @a20240924d2022 em y0chiy50 ea
101 0  @achi
102    @aCN@b320000
105    @ay z 000yy
106    @ar
200 1  @a探索与创新@Atan suo yu chuang xin@e苏霍姆林斯基家庭教育思想解读与实践@f郑建业著
210    @a南京@c江苏凤凰科学技术出版社@d2022
215    @a11,197页@d24cm
225 2  @a苏霍姆林斯基在中国丛书
330    @a结合当下的社会环境和教育环境,本书通过解读苏联教育大师苏霍姆林斯基家庭教育的思想及呈现苏霍姆林斯基教育学生及自己孩子的画面,理论与实践相结合,帮助学校和家长正视:作为孩子的首席教养者,父母在教育孩子的活动中各自承担的责任与角色,父母应当具备的教育学素养,父母相亲相爱的关系对孩子成长的重要性,家庭要培养孩子的道德情感和知识技能,让孩子在良好的环境中成长。父母帮助孩子适应生活的需要,让孩子学会做父母。学校要重视孩子的成长环境,和家长建立良性的沟通,使家长和学校的立场一致,以达到优质的教育效果。
410  0 @12001 @a苏霍姆林斯基在中国丛书
517 1  @a苏霍姆林斯基家庭教育思想解读与实践@Asu huo mu lin si ji jia ting jiao yu si xiang jie du yu shi jian
600  1 @a苏霍姆林斯基@c(Suhomlinskii, Vasilii Aleksanlrovich@f1918-1970@x教育思想
690    @aG40-095.12@v5
701  0 @a郑建业@Azheng jian ye@4著
801  0 @aCN@bAHXH@c20240924
905    @b214142453@b214142462@b214142471@b214142480@b214142499@dG40-095.12@e1425@f5
    
    探索与创新:苏霍姆林斯基家庭教育思想解读与实践/郑建业著.-南京:江苏凤凰科学技术出版社,2022
    11,197页;24cm.-(苏霍姆林斯基在中国丛书)
    
    
    ISBN 978-7-5537-9745-8:CNY42.00
    结合当下的社会环境和教育环境,本书通过解读苏联教育大师苏霍姆林斯基家庭教育的思想及呈现苏霍姆林斯基教育学生及自己孩子的画面,理论与实践相结合,帮助学校和家长正视:作为孩子的首席教养者,父母在教育孩子的活动中各自承担的责任与角色,父母应当具备的教育学素养,父母相亲相爱的关系对孩子成长的重要性,家庭要培养孩子的道德情感和知识技能,让孩子在良好的环境中成长。父母帮助孩子适应生活的需要,让孩子学会做父母。学校要重视孩子的成长环境,和家长建立良性的沟通,使家长和学校的立场一致,以达到优质的教育效果。
●
相关链接 在E读中查询图书 在五车中查询图书 在当当中查询图书 在豆瓣中查询图书


正题名:探索与创新     索取号:G40-095.12/1425         预约/预借

序号 登录号 条形码 馆藏地/架位号 状态 备注
1 1414245   214142453   第一样本阅览室/ [索取号:G40-095.12/1425] 在馆    
2 1414246   214142462   第四借阅区/ [索取号:G40-095.12/1425] 在馆    
3 1414247   214142471   第四借阅区/ [索取号:G40-095.12/1425] 在馆    
4 1414248   214142480   第四借阅区/ [索取号:G40-095.12/1425] 在馆    
5 1414249   214142499   第四借阅区/ [索取号:G40-095.12/1425] 在馆    
唐山师范学院图书馆 欢迎您!
大连网信软件有限公司© 版权所有